| 000 | 00906nam a22002417a 4500 | ||
|---|---|---|---|
| 003 | OSt | ||
| 005 | 20251202085158.0 | ||
| 008 | 251202b |||||||| |||| 00| 0 eng d | ||
| 020 | _a0-335-21224-7 | ||
| 040 |
_aDWC-Main lib _cOC |
||
| 082 | _aCirc. 372.87 P876s 2003 | ||
| 100 | _aPound, L. | ||
| 245 |
_aSupporting musical development in the early years _cPund, Linda |
||
| 260 |
_aBuckingham, London : _bOpen University Press, _cc2003 |
||
| 300 |
_aix, 156 pages : _b illustration ; _c23 cm. |
||
| 490 |
_3Supporting early learning, series editor: _a Vicky Hurst and Jenefer Joseph |
||
| 504 | _aIncludes bibliographical references and index. | ||
| 650 | _2Child development. | ||
| 650 | _2Education--Elementary. | ||
| 650 | _2Music--Instruction and study--Juvenile. | ||
| 700 | _aHarrison, Chris | ||
| 942 |
_2ddc _cBK-CIRC _hCirc. 372.87 P876s 2003 _kCirc. _n0 |
||
| 999 |
_c6681 _d6681 |
||